<?xml version="1.0" encoding="UTF-8"?>
<collection xmlns="http://www.loc.gov/MARC21/slim">
  <record>
    <leader>00000nam  2200000   4500</leader>
    <controlfield tag="001">INLIS000000000013024</controlfield>
    <controlfield tag="005">20220623110322</controlfield>
    <datafield tag="035" ind1="#" ind2="#">
      <subfield code="a">0010-0622000332</subfield>
    </datafield>
    <datafield tag="245" ind1="1" ind2="#">
      <subfield code="a">Sentralisasi Dokumentasi dan Informasi Produk Hukum Bawaslu Provinsi Kalimantan Tengah /</subfield>
      <subfield code="c">Nur Rahmadayana Siregar, S.H.</subfield>
    </datafield>
    <datafield tag="100" ind1="1" ind2="#">
      <subfield code="a">SIREGAR, Nur Rahmadayana</subfield>
    </datafield>
    <datafield tag="250" ind1="#" ind2="#">
      <subfield code="a">1</subfield>
    </datafield>
    <datafield tag="300" ind1="#" ind2="#">
      <subfield code="a">49 halaman; lampiran :</subfield>
      <subfield code="b">ilustrasi ;</subfield>
      <subfield code="c">30 cm</subfield>
    </datafield>
    <datafield tag="260" ind1="#" ind2="#">
      <subfield code="a">Samarinda :</subfield>
      <subfield code="b">Puslatbang KDOD,</subfield>
      <subfield code="c">2021</subfield>
    </datafield>
    <datafield tag="084" ind1="#" ind2="#">
      <subfield code="a">LATSAR 789 2021</subfield>
    </datafield>
    <datafield tag="650" ind1="#" ind2="4">
      <subfield code="a">Pelatihan Dasar</subfield>
    </datafield>
    <datafield tag="650" ind1="#" ind2="4">
      <subfield code="a">Laporan Aktualisasi</subfield>
    </datafield>
    <datafield tag="650" ind1="#" ind2="4">
      <subfield code="a">Prajabatan</subfield>
    </datafield>
    <datafield tag="650" ind1="#" ind2="4">
      <subfield code="a">sistem informasi</subfield>
    </datafield>
    <datafield tag="650" ind1="#" ind2="4">
      <subfield code="a">teknologi informasi</subfield>
    </datafield>
    <datafield tag="650" ind1="#" ind2="4">
      <subfield code="a">manajemen arsip</subfield>
    </datafield>
    <datafield tag="650" ind1="#" ind2="4">
      <subfield code="a">arsip digital</subfield>
    </datafield>
    <datafield tag="650" ind1="#" ind2="4">
      <subfield code="a">badan pengawasan pemilihan umum</subfield>
    </datafield>
    <datafield tag="650" ind1="#" ind2="4">
      <subfield code="a">arsip hukum</subfield>
    </datafield>
    <datafield tag="520" ind1="#" ind2="#">
      <subfield code="a">Laporan Aktualisasi Pelatihan Dasar ini didasarkan pada isu tidak adanya seentralisasi dokumentasi dan informasi produk hukum pada Badan Pengawas Pemilihan Umum Kalimantan Tengah, sehingga dibuat 4 kegiatan berdasarkan nilai ANEKA (Akuntabilitas, Nasionalisme, Etika public, Komitmen Mutu dan Anti korupsi), yaitu : Find Out Knowledge Staf tentnag Produk hukum, mengelompokan data produk hukum dari setiap divisi, membuat media sentralisasi dokumentasi produk hukum, sosialisasi sentralisasi dokumentasi produk hukum, sosialisasi sentralisasi produk hukum dan tata kelola arsip. Kegiatan ini dilaksanakan dari tanggal 1 Oktober 2021-19 November 2021</subfield>
    </datafield>
    <datafield tag="500" ind1="#" ind2="#">
      <subfield code="a">Coach : ITCIANDAY, S.H.M.H&#13;
Penguji : IKA RETNA NINGRUM, S.Pd.MPP&#13;
Mentor : Ramly, S.P.,M.M</subfield>
    </datafield>
    <datafield tag="990" ind1="#" ind2="#">
      <subfield code="a">LATSAR/789/2021</subfield>
    </datafield>
  </record>
</collection>
